El Análisis del numerador aplicado al sistema OPS OMS de estadísticas de servicios de planificación familiar
Guardado en:
| Hovedforfatter: | |
|---|---|
| Format: | Texto |
| Udgivet: |
Washington, D.C. :
|
| Tags: |
Tilføj Tag
Ingen Tags, Vær først til at tagge denne postø!
|
MARC
| LEADER | 00000 a a2200000 04500 | ||
|---|---|---|---|
| 001 | 17334 | ||
| 003 | |||
| 040 | |||
| 090 | |a 005602 | ||
| 100 | |a Gómez, Carlos J. | ||
| 245 | |a El Análisis del numerador aplicado al sistema OPS OMS de estadísticas de servicios de planificación familiar | ||
| 260 | |a Washington, D.C. : | ||
| 300 | |a 15 p. | ||
| 999 | |c 8975 |d 8975 | ||
